Statistics for Bouldering grades

Click here to take the quiz!

General Stats

  • This quiz has been taken 39 times
  • The average score is 14 of 25

Answer Stats

V-scaleFb-scale% Correct
V56C
69%
VB3
66%
V67A
66%
V179A
66%
V36A
62%
V46B
62%
V87B
62%
V97C
62%
V118A
62%
V138B
59%
V158C
59%
V15
55%
6A+
55%
6B+
55%
6C+
55%
V77A+
55%
7B+
55%
V107C+
55%
V128A+
55%
V148B+
55%
V168C+
55%
V04
48%
V25+
45%
V0+4+
41%
V0-4-
38%

Score Distribution

Percentile by Number Answered

Percent of People with Each Score

Your Score History

You have not taken this quiz